| 000 | 00457nam a2200181Ia 4500 | ||
|---|---|---|---|
| 001 | 2348 | ||
| 005 | 20260306144800.0 | ||
| 008 | 260306t2014||||xx |||||||||||||| ||spa|| | ||
| 041 | _aESP | ||
| 082 |
_a616.89 _bA53 |
||
| 100 |
_aAmerican Psychiatric Association _eAUT |
||
| 245 | 0 |
_aManual diagnóstico y estadÃstico de los trastornos mentales: _bDSM-5 |
|
| 260 | _c2014 | ||
| 300 |
_a _c |
||
| 650 | _aGEN | ||
| 654 | _aCPS | ||
| 942 |
_cLIB _dJUS _fJUS _2ddc _n |
||
| 999 |
_c2348 _d2348 |
||